00802nam a2200193Ia 4500003000900000008004100009020001800050040001600068080002400084111009900108245020400207260005000411300001500461490003100476650004100507650001200548650003000560700001800590IN-BaIIA211028s9999 xx 000 0 eng d a0-88318-787-6 cIIA Library a533-469(082.1)bNON aTopical Conference on Nonlinear and Relativistic Effects in PlasmascCaliforniad1990 Feb. 5-8 0aNonlinear and relativistic effects in plasmasbproceedings of a topical conference held in San Diego, California, February. 5-8, 1990cedited by V. Stefan  aNew YorkbAmerican Institute of Physicsc1992 axvi, 764p. aResearch trends in physics aAstronomy and astrophysics thesaurus aPlasmas aRelativistic astrophysics aStefan, V. ed